Statistics for MLB All-Star Catchers since 1986

Click here to take the quiz!

General Stats

  • This quiz has been taken 109 times
    (66 since last reset)
  • The average score is 23 of 71

Answer Stats

Answer% Correct
Yadier Molina
83%
Ivan Rodriguez
79%
Mike Piazza
74%
Buster Posey
72%
Salvador Perez
72%
Jorge Posada
66%
Joe Mauer
62%
Jason Varitek
60%
Charles Johnson
55%
Russell Martin
55%
Brian McCann
53%
James McCann
53%
Sandy Alomar Jr
53%
Carlton Fisk
51%
Gary Carter
51%
Gary Sanchez
49%
J.T. Realmuto
49%
Javy Lopez
47%
William Contreras
47%
Wilson Contreras
47%
Benito Santiago
45%
Victor Martinez
45%
Jason Kendall
40%
A.J. Pierzynski
38%
Terry Steinbach
38%
Dan Wilson
32%
Kurt Suzuki
32%
Craig Biggio
30%
Darren Daulton
30%
Jonathan Lucroy
30%
Mike Scioscia
30%
Tony Pena
30%
Yasmani Grandal
30%
Mike Napoli
28%
Yan Gomes
28%
Alejandro Kirk
26%
Bo Diaz
26%
Damian Miller
26%
Jason Castro
26%
Matt Nokes
26%
Miguel Montero
26%
Paul LoDuca
26%
Lance Parrish
23%
Mike Zunino
23%
Todd Hundley
23%
Travis d'Arnaud
23%
Alex Avila
21%
Brad Ausmus
21%
Carlos Ruiz
21%
Jose Trevino
21%
Mickey Tettleton
21%
Geovany Soto
19%
Matt Weiters
19%
Ramon Hernandez
17%
Stephen Vogt
17%
Dioner Navarro
15%
John Buck
15%
Mike Stanley
15%
Omar Narvaez
15%
Rich Gedman
15%
Terry Kennedy
15%
Wilson Ramos
15%
Derek Norris
13%
Darrin Fletcher
9%
Devin Mesoraco
9%
Johnny Estrada
9%
Ozzie Virgil
6%
Tim Laudner
6%
Dave Nilsson
4%
Mike Leiberthal
2%
Tom Pagnozzi
2%

Score Distribution

Percentile by Number Answered

Percent of People with Each Score

Your Score History

You have not taken this quiz since the last reset